Statistics for 10 Most Populated US Cities with multiple Os.

Click here to take the quiz!

General Stats

  • This quiz has been taken 37 times
  • The average score is 9 of 10

Answer Stats

HintAnswer% Correct
617,459
Massachusetts
Boston
100%
337,088
Hawaii
Honolulu
100%
697,763
Oklahoma
Oklahoma City
100%
2,264,876
Texas
Houston
96%
312,280
Florida
Orlando
93%
1,479,493
Texas
San Antonio
93%
491,530
Colorado
Colorado Springs
89%
961,885
Texas
Fort Worth
85%
299,175
North Carolina
Greensboro
56%
324,888
California
Stockton
48%

Score Distribution

Percentile by Number Answered

Percent of People with Each Score

Your Score History

You have not taken this quiz